Loading...
| Fine Arts - Other Fine Arts | 0 | 2 | 0 | 0 | 20 | 30 | 59.50 | 0 | 1 |
| Literature - European Literature | 0 | 2 | 0 | 1 | 20 | 24 | 73.00 | 0 | 1 |
| Science - Chemistry | 0 | 3 | 3 | 0 | 15 | 45 | 50.00 | 0 | 3 |
| History - Other History | 0 | 1 | 0 | 0 | 10 | 74 | 74.00 | 0 | 1 |
| Literature - American Literature | 0 | 1 | 0 | 0 | 10 | 59 | 59.00 | 0 | 1 |
| Literature - British Literature | 0 | 1 | 0 | 0 | 10 | 84 | 84.00 | 0 | 0 |
| Mythology | 0 | 1 | 0 | 0 | 10 | 17 | 17.00 | 1 | 1 |
| Pop Culture | 0 | 1 | 0 | 0 | 10 | 87 | 87.00 | 0 | 0 |
| Social Science | 0 | 1 | 0 | 0 | 10 | 57 | 57.00 | 0 | 1 |
| History - American History | 0 | 1 | 0 | 0 | 10 | 65 | 65.00 | 0 | 0 |
| History - European History | 0 | 1 | 0 | 0 | 10 | 52 | 52.00 | 0 | 1 |
| Science - Other Science | 0 | 1 | 0 | 0 | 10 | 56 | 56.00 | 0 | 0 |
| Current Events | 0 | 1 | 0 | 0 | 10 | 47 | 47.00 | 0 | 0 |
| Science - Biology | 0 | 1 | 1 | 0 | 5 | 61 | 61.00 | 0 | 1 |
| Literature - World Literature | 0 | 1 | 1 | 0 | 5 | 66 | 66.00 | 0 | 1 |